| 000 | 00537nam a22002057a 4500 | ||
|---|---|---|---|
| 003 | NUST-PNEC | ||
| 005 | 20170116181130.0 | ||
| 008 | 140402b xxu||||| |||| 00| 0 eng d | ||
| 020 | _a9814126721 | ||
| 040 | _cPNEC | ||
| 082 | _a629.83 KUO | ||
| 100 |
_922 _aKuo C Benjamin |
||
| 245 |
_aAutomatic Control Systems _cBenjamin C. Kuo |
||
| 250 | _a8th ed. | ||
| 260 |
_aEnglewood cliffs, N.J. USA _bPrentice Hall _cc.2003 |
||
| 300 |
_axxii, 897p. _bill: _c22cm |
||
| 500 | _aIncludes index. | ||
| 650 | _xBSMIS | ||
| 942 |
_2ddc _cBK |
||
| 999 |
_c69911 _d69911 |
||